00343nam a2200109Ia 4500008004100000245010000041260004800141260000900189300000900198500001000207650001600217170224s9999 xx 000 0 und d aPriming thoughts about extravagance: Implications for consumer decisions about luxury products. bJournal of Experimental Psychology: Applied c2014 a20:1 aMarch xPsychology.